000
00291nam a22001217a 4500
008
180228b xxu||||| |||| 00| 0 eng d
041
_a
eng
080
_a
94
100
_a
16
101
_a
his
245
_a
the americans social history of united states
_c
furmas.j.c
942
_2
udc
_c
BK
999
_c
43695
_d
43695